Word Ladder: Switzerland Quiz Stats

 Plays Quiz Updated Dec 14, 2018

Support Sporcle.
Go Orange.
Score 0/39 Timer 05:00
4 Plays Today
Clue 4-Letter Word % Correct
Ping ___ = table tennisPONG
95.2%
CompletedDONE
93.6%
Fee for travel on a roadTOLL
92.7%
Sand hillDUNE
92.7%
Barbie or Cabbage Patch kid, e.g.DOLL
92.6%
Scorch or searBURN
92.5%
Romantic flowerROSE
92.1%
Bob ____, former US Presidential candidateDOLE
91.3%
☩Swiss capital city☩BERN
90.7%
The result of digging in the groundHOLE
90.7%
Flexible tube for wateringHOSE
90.6%
Face covering for HalloweenMASK
90.4%
Body of standing waterPOND
90%
Grasp with your handHOLD
89.8%
ManureDUNG
89.7%
☩William ____, apple shooting Swiss folk hero☩TELL
89.1%
Pole that holds a sail upMAST
88.9%
Cover with earthBURY
88.4%
Majority of somethingMOST
87.7%
Abbreviation of certificateCERT
87.6%
Clue 4-Letter Word % Correct
Kim ____-un, North Korean leaderJONG
86.6%
Lay out in the sun to tanBASK
85.6%
☩Carl ____, founder of analytical psychology☩JUNG
85.3%
A twisted bit of hairCURL
82.2%
☩European scientific institute based in Geneva☩CERN
81.8%
Rude or short in wordsCURT
81.3%
☩Switzerland has the 6th largest reserve of this☩GOLD
80.9%
The amount you must payCOST
79.5%
The basic unit of lifeCELL
78%
The Runaway ____, John Grisham novelJURY
75.7%
Select for slaughterCULL
73.1%
☩Credit Suisse, Julius Baer or UBS☩BANK
69%
☩Monte ____, highest Swiss peak☩ROSA
67.2%
The Mafia = La ___ NostraCOSA
66.8%
Remain undecidedPEND
61.8%
Repair, like a holeMEND
61.7%
CastrateGELD
58%
Display a combination of playing cardsMELD
52.6%
☩____ mountains, range bordering the Alps☩JURA
33.2%

Today's Daily Dose

You're not logged in!

Compare scores with friends on all Sporcle quizzes.
OR
Log In
Forgot?

From the Vault

60 Second Blitz: States

by miyomiyo1

Here's a tip, just because you can spell Massachusetts, doesn't mean you should use it on this quiz.
Remove Ads.
Support Sporcle.
Get the best of Sporcle when you Go Orange. This ad-free experience offers more features, more stats, and more fun while also helping to support Sporcle. Thank you for becoming a member.

Show Comments

Extras

Top Quizzes Today


Score Distribution

Your Account Isn't Verified!

In order to create a playlist on Sporcle, you need to verify the email address you used during registration. Go to your Sporcle Settings to finish the process.

Report this User

Report this user for behavior that violates our Community Guidelines.

Details: